Global trends in data capture and management in real estate and construction (Record no. 116076)
[ view plain ]
| 000 -LEADER | |
|---|---|
| fixed length control field | 01685cam a22002775a 4500 |
| 001 - CONTROL NUMBER | |
| control field | L159655 |
| 008 - FIXED-LENGTH DATA ELEMENTS--GENERAL INFORMATION | |
| fixed length control field | 150226s2017 xxk f 000 0 eng d |
| 035 ## - SYSTEM CONTROL NUMBER | |
| System control number | (Sirsi) u159655 |
| 041 0# - LANGUAGE CODE | |
| Language code of text/sound track or separate title | eng |
| 050 04 - LIBRARY OF CONGRESS CALL NUMBER | |
| Classification number | 690.0285 $2 18 |
| 110 2# - MAIN ENTRY--CORPORATE NAME | |
| Corporate name or jurisdiction name as entry element | Royal Institution of Chartered Surveyors |
| 9 (RLIN) | 4900 |
| 245 00 - TITLE STATEMENT | |
| Title | Global trends in data capture and management in real estate and construction |
| Medium | [electronic resource] |
| 260 ## - PUBLICATION, DISTRIBUTION, ETC. | |
| Place of publication, distribution, etc. | London |
| Name of publisher, distributor, etc. | RICS |
| Date of publication, distribution, etc. | 2017 |
| 490 #0 - SERIES STATEMENT | |
| Series statement | RICS Research |
| 490 #0 - SERIES STATEMENT | |
| Series statement | RICS Insight |
| 520 ## - SUMMARY, ETC. | |
| Summary, etc. | Analyses how building related data, including physical, performance and financial information, is currently being captured and managed by key sector representatives. It also highlights the repercussions current data capture and management patterns can have for how countries and organisations meet their energy saving and climate targets and commitments. More specifically, the report investigates what type of data is collected by whom, where and for what reason. It also examines key challenges in relation to better data capture and management which includes issues such as lack of a central storage locations, non-harmonised data collection formats and data reporting obligations, overall data availability and accessibility, and data reliability. |
| 590 ## - LOCAL NOTE (RLIN) | |
| Local note | KA |
| 650 24 - SUBJECT ADDED ENTRY--TOPICAL TERM | |
| Topical term or geographic name entry element | TECHNOLOGY |
| 650 24 - SUBJECT ADDED ENTRY--TOPICAL TERM | |
| Topical term or geographic name entry element | IT |
| 650 24 - SUBJECT ADDED ENTRY--TOPICAL TERM | |
| Topical term or geographic name entry element | DATA ANALYSIS |
| 650 24 - SUBJECT ADDED ENTRY--TOPICAL TERM | |
| Topical term or geographic name entry element | DATA CAPTURE |
| 650 24 - SUBJECT ADDED ENTRY--TOPICAL TERM | |
| Topical term or geographic name entry element | PROPERTY |
| 651 #4 - SUBJECT ADDED ENTRY--GEOGRAPHIC NAME | |
| Geographic name | United Kingdom |
| Chronological subdivision | |
| 856 40 - ELECTRONIC LOCATION AND ACCESS | |
| Uniform Resource Identifier | <a href="https://www.rics.org/globalassets/rics-website/media/knowledge/research/insights/global-trends-in-data-capture-and-management-in-real-estate-and-construction-rics.pdf">https://www.rics.org/globalassets/rics-website/media/knowledge/research/insights/global-trends-in-data-capture-and-management-in-real-estate-and-construction-rics.pdf</a> |
| Public note | View the report free of charge at www.rics.org |
| 942 ## - ADDED ENTRY ELEMENTS (KOHA) | |
| Suppress in OPAC | 0 |
| Withdrawn status | Lost status | Source of classification or shelving scheme | Damaged status | Not for loan | Home library | Current library | Shelving location | Date acquired | Total Checkouts | Full call number | Barcode | Date last seen | Copy number | Price effective from | Koha item type |
|---|---|---|---|---|---|---|---|---|---|---|---|---|---|---|---|
| Dewey Decimal Classification | Virtual | Virtual | Online | 05/12/2017 | ONLINE PUBLICATION | 159655-2001 | 06/08/2019 | 1 | 06/08/2019 | Book |